南京地铁S9号线 Nanjing Metro Line S9 - Statistics

General Stats
  • This quiz has been taken 10 times
  • The average score is 5 of 6
Answer Stats
换乘线路 站名 % Correct
S1 翔宇路南
100%
高淳
89%
铜山
78%
石湫
78%
团结圩
67%
明觉
56%
No matching quizzes found
Score Distribution
Percent of People with Each Score
Percentile by Number Answered
Your Score History
You have not taken this quiz